| 000 | 00534nam a2200169Ia 4500 | ||
|---|---|---|---|
| 999 |
_c20796 _d20796 |
||
| 003 | OSt | ||
| 005 | 20200619101612.0 | ||
| 008 | 190216s9999||||xx |||||||||||||| ||und|| | ||
| 020 | _a9780195651041 | ||
| 040 | _coclc | ||
| 082 |
_a954.8 _bKAR/H |
||
| 100 |
_aKarashima, Noboru _93017 |
||
| 245 | 0 |
_aHistory And Society In South India : _bThe Cholas To Vijayanagar / _cNoboru Karashima |
|
| 260 |
_bOxford University Press, _c2001. _aNew Delhi: |
||
| 300 | _a307p | ||
| 942 |
_cBK _2ddc _h954.8 _iKAR/H _k954.8 _mKAR/H |
||